00928cam a2200241 a 450000100100000000500170001000800410002702000150006804000300008308200160011310000300012924500760015926000300023530000280026550400640029365000370035765100590039465100590045391000280051204900090054095201200054999900170066900001734020200929165103.0910110s1991 nyub b 001 0 eng  a0517574853 aDO-SdBNPcDLCdDLCdBNPHU annnnbW362n1 aWeatherford, Jack,93798910aNative roots :bhow the indians enriched América /cJack Weatherford. aNew York :bCrown,c1991. a310 p. :bmap ;c23 cm. aIncludes bibliographical references (p. 289-300) and index. 0aIndians of north america.937990 0aUnited StatesxCivilizationxIndian Influences.937991 0aNorth AmericaxCivilizationxIndian Influences.937992 aCatalogación derivada aBNGR 001052708MOaGRbGRcCTd2010-03-22iLF1l0onnnn W362np17340-10r2020-06-25w2020-06-25y2ZPréstamo interno c16865d16865